[Event "PER-ch"]
[Site "Lima"]
[Date "2017.03.05"]
[Round "9"]
[White "Risco Alarcon, Julio"]
[Black "Collado, Victor"]
[Result "1/2-1/2"]
[WhiteElo "1961"]
[BlackElo "1668"]
[PlyCount "44"]
[EventDate "2017.03.01"]
[EventType "swiss"]
[EventRounds "9"]
[EventCountry "PER"]
[SourceTitle "CBM 177 Extra"]
[Source "ChessBase"]
[SourceDate "2017.04.27"]
[SourceVersion "1"]
[SourceVersionDate "2017.04.27"]
[SourceQuality "1"]

1. Nf3 d5 2. e3 Nf6 3. c4 e6 4. b3 Be7 5. Bb2 0-0 6. Nc3 b6 7. Qc2 Bb7 8. Be2 Nbd7 9. d4 c6 10. 0-0 Bd6 11. Rac1 Re8 12. Rfd1 Qe7 13. e4 dxe4 14. Nxe4 Nxe4 15. Qxe4 Nf6 16. Qh4 Rad8 17. Bd3 h6 18. Re1 Ba3 19. Rc2 Bxb2 20. Rxb2 c5 21. d5 Qd6 22. Rbe2 exd5 1/2-1/2

[Event "PER-ch"]
[Site "Lima"]
[Date "2017.03.03"]
[Round "5"]
[White "Risco Alarcon, Julio"]
[Black "Perez Olaguivel, Rolando German"]
[Result "1-0"]
[WhiteElo "1961"]
[BlackElo "1767"]
[PlyCount "153"]
[EventDate "2017.03.01"]
[EventType "swiss"]
[EventRounds "9"]
[EventCountry "PER"]
[SourceTitle "CBM 177 Extra"]
[Source "ChessBase"]
[SourceDate "2017.04.27"]
[SourceVersion "1"]
[SourceVersionDate "2017.04.27"]
[SourceQuality "1"]

1. Nf3 d5 2. e3 Nf6 3. c4 c6 4. Nc3 e6 5. b3 Be7 6. Bb2 0-0 7. Qc2 Nbd7 8. d4 a6 9. Be2 b5 10. cxb5 cxb5 11. 0-0 Bb7 12. Rac1 Rc8 13. Qb1 Qb6 14. Rfd1 Rc7 15. Ne1 Rfc8 16. Rc2 Bb4 17. Rdc1 h6 18. a3 Bxc3 19. Rxc3 Rxc3 20. Rxc3 Rxc3 21. Bxc3 a5 22. f3 Ba6 23. Kf2 Nb8 24. Bd2 b4 25. axb4 Bxe2 26. Kxe2 axb4 27. Nd3 Nc6 28. Qa2 Qc7 29. g3 e5 30. dxe5 Nxe5 31. Bxb4 Nxd3 32. Kxd3 Qe5 33. Bc3 Qf5+ 34. Ke2 Qh3 35. Ke1 Ne8 36. b4 Qe6 37. Kf2 Nc7 38. Bd4 Qc6 39. Qb2 f6 40. Qc3 Qxc3 41. Bxc3 Kf7 42. h4 h5 43. e4 Ke6 44. Ke3 g6 45. exd5+ Nxd5+ 46. Kd4 g5 47. b5 gxh4 48. gxh4 Kd6 49. Ba5 Nf4 50. Bb4+ Kd7 51. Be1 Ng6 52. Bg3 Ne7 53. Kc5 Nf5 54. Bf4 Ng7 55. Bg3 Nf5 56. Bf2 Nd6 57. b6 Nb7+ 58. Kd5 Nd6 59. Bd4 Nc8 60. Bc5 Nxb6+ 61. Bxb6 Ke7 62. f4 Kd7 63. Bc5 Kd8 64. Ke6 Ke8 65. Kxf6 Kd7 66. Kg6 Ke6 67. f5+ Kd7 68. f6 Kc6 69. f7 Kxc5 70. f8Q+ Kd5 71. Qe7 Kd4 72. Qe6 Kd3 73. Kf5 Kd4 74. Qe4+ Kc5 75. Qd3 Kc6 76. Ke6 Kc5 77. Qc3+ 1-0

[Event "Trujillo Interclubes"]
[Site "Trujillo"]
[Date "2016.07.23"]
[Round "5"]
[White "Risco Alarcon, Julio"]
[Black "Gutierrez Bravo, Nicole Abigail"]
[Result "1-0"]
[WhiteElo "1920"]
[BlackElo "1678"]
[PlyCount "109"]
[EventDate "2016.07.09"]
[EventType "team-swiss"]
[EventRounds "6"]
[EventCountry "PER"]
[SourceTitle "EXT 2018"]
[Source "ChessBase"]
[SourceDate "2017.10.13"]
[SourceVersion "1"]
[SourceVersionDate "2017.10.13"]
[SourceQuality "1"]

1. c4 e5 2. Nc3 g6 3. g3 Bg7 4. Bg2 Ne7 5. Nf3 Nbc6 6. d3 d6 7. Rb1 0-0 8. 0-0 Be6 9. b4 d5 10. Ng5 h6 11. Nxe6 fxe6 12. e3 e4 13. d4 Nf5 14. cxd5 exd5 15. Qb3 Nce7 16. Nxe4 Rf7 17. Nc5 b6 18. Ne6 Qd7 19. Nf4 Rd8 20. Bb2 c6 21. Rbc1 Qd6 22. b5 c5 23. dxc5 bxc5 24. Bxg7 Nxg7 25. Rfd1 d4 26. Qc4 g5 27. Ne2 Qf6 28. Rf1 Ne6 29. a4 dxe3 30. fxe3 Qe5 31. Rxf7 Kxf7 32. e4 Kg7 33. Rf1 Rf8 34. Rxf8 Kxf8 35. Bh3 Nd4 36. Nxd4 Qxd4+ 37. Qxd4 cxd4 38. Kf2 Ng6 39. a5 Ne5 40. a6 Ke7 41. b6 Nc6 42. b7 Kd6 43. Bf1 Kc7 44. Ke2 Ne5 45. Kd2 Kb8 46. Kc2 Kc7 47. Be2 g4 48. Kb3 h5 49. Kb4 Nf3 50. Kc4 Nxh2 51. e5 h4 52. e6 hxg3 53. e7 g2 54. e8Q g1Q 55. b8Q# 1-0

[Event "PER-ch"]
[Site "Lima"]
[Date "2015.05.01"]
[Round "4"]
[White "Gutierrez, Franco"]
[Black "Risco Alarcon, Julio"]
[Result "0-1"]
[WhiteElo "1569"]
[BlackElo "1921"]
[PlyCount "41"]
[EventDate "2015.04.30"]
[EventType "swiss"]
[EventRounds "8"]
[EventCountry "PER"]
[SourceTitle "CBM 166 Extra"]
[Source "ChessBase"]
[SourceDate "2015.06.18"]
[SourceVersion "1"]
[SourceVersionDate "2015.06.18"]
[SourceQuality "1"]

1. d4 e6 2. c4 d5 3. Nc3 Bb4 4. e3 Nf6 5. a3 Bxc3+ 6. bxc3 c5 7. Nf3 0-0 8. Bd3 b6 9. 0-0 Bb7 10. Qc2 Nbd7 11. Bb2 Rc8 12. Qa4 dxc4 13. Bxc4 Qc7 14. Ba6 Bc6 15. Qd1 Rcd8 16. Bd3 e5 17. Nd2 exd4 18. cxd4 cxd4 19. Bxd4 Ne5 20. Be2 Rfe8 21. Rc1 0-1